Countries that do not recognize the state of Israel - Statistics

General Stats
  • This quiz has been taken 2,327 times
  • The average score is 23 of 32
Answer Stats
Not Israel-friends % Correct
Iran
95%
Iraq
93%
Saudi Arabia
91%
Syria
89%
Yemen
89%
Oman
88%
Lebanon
86%
Pakistan
86%
Qatar
85%
Algeria
84%
Libya
84%
United Arab Emirates
84%
Sudan
83%
Afghanistan
80%
Kuwait
80%
Bahrain
78%
Morocco
78%
Tunisia
77%
Indonesia
72%
Somalia
72%
Niger
69%
Chad
68%
Mali
64%
Malaysia
63%
Bangladesh
59%
North Korea
54%
Djibouti
51%
Brunei
49%
Cuba
39%
Comoros
37%
Bhutan
34%
Guinea
21%
No matching quizzes found
Score Distribution
Percent of People with Each Score
Percentile by Number Answered
Your Score History
You have not taken this quiz